00565nam a22001697a 450000500170000001000130001702000260003003500120005603700130006808200100008110000410009124500740013224600500020626000530025627000590030930000270036820221221110413.0 aUR-11823 a9789391238773c250.00 aU-10378 bDBAD/PUB a840.8 aزیدی ، سید شاہین رضا aعروض شاہین /cسید شاہین رضا زیدیhا ر د و aArooz-E-Shaheen /bby Syed Shaheen Raza Zaidi aNew DelhibEducational Publishing Housec2021 ء aH.o. D1/16, Ansari Road, Darya GanjbNew Delhie110002 a128 صc22cm(pbk)